Intermediate accounting / (Record no. 13850)

000 -LEADER
fixed length control field 01372cam a22003734a 4500
020 ## - INTERNATIONAL STANDARD BOOK NUMBER
ISBN 0072410663
020 ## - INTERNATIONAL STANDARD BOOK NUMBER
ISBN 9780072410662
020 ## - INTERNATIONAL STANDARD BOOK NUMBER
ISBN 0072321474
020 ## - INTERNATIONAL STANDARD BOOK NUMBER
ISBN 9780072321470
020 ## - INTERNATIONAL STANDARD BOOK NUMBER
ISBN 0072412224
020 ## - INTERNATIONAL STANDARD BOOK NUMBER
ISBN 9780072412222
020 ## - INTERNATIONAL STANDARD BOOK NUMBER
ISBN 0072412232
020 ## - INTERNATIONAL STANDARD BOOK NUMBER
ISBN 9780072412239
020 ## - INTERNATIONAL STANDARD BOOK NUMBER
ISBN 0071181121
020 ## - INTERNATIONAL STANDARD BOOK NUMBER
ISBN 9780071181129
020 ## - INTERNATIONAL STANDARD BOOK NUMBER
ISBN 0072508051
020 ## - INTERNATIONAL STANDARD BOOK NUMBER
ISBN 9780072508055
040 ## - CATALOGING SOURCE
Transcribing agency DLC
082 ## - DEWEY DECIMAL CLASSIFICATION NUMBER
Classification number 657 IRW 2001 A048 Or.
100 1# - MAIN ENTRY--AUTHOR NAME
Personal name Dyckman, Thomas R
245 10 - TITLE STATEMENT
Title Intermediate accounting /
246 30 - VARYING FORM OF TITLE
Title proper/short title Accounting
250 ## - EDITION STATEMENT
Edition statement 5th ed
260 ## - PUBLICATION, DISTRIBUTION, ETC. (IMPRINT)
Place of publication Boston, Mass. :
Name of publisher Irwin/McGraw-Hill,
Year of publication 2001
300 ## - PHYSICAL DESCRIPTION
Number of Pages xxiv, 1321, AR-36, I-16 pages :
Other physical details illustrations ;
Dimensions 29 cm
490 0# - SERIES STATEMENT
Series statement McGraw-Hill accounting series
650 #0 - SUBJECT ADDED ENTRY--TOPICAL TERM
Topical Term Accounting
700 1# - ADDED ENTRY--PERSONAL NAME
Personal name Davis, Charles Joseph,
700 1# - ADDED ENTRY--PERSONAL NAME
Personal name Dukes, Roland E
856 41 - ELECTRONIC LOCATION AND ACCESS
Uniform Resource Identifier http://bvbr.bib-bvb.de:8991/F?func=service&doc_library=BVB01&doc_number=009364933&line_number=0001&func_code=DB_RECORDS&service_type=MEDIA
856 41 - ELECTRONIC LOCATION AND ACCESS
Uniform Resource Identifier http://bvbr.bib-bvb.de:8991/F?func=service&doc_library=BVB01&local_base=BVB01&doc_number=009364933&line_number=0001&func_code=DB_RECORDS&service_type=MEDIA
856 41 - ELECTRONIC LOCATION AND ACCESS
Uniform Resource Identifier http://digitool.hbz-nrw.de:1801/webclient/DeliveryManager?application=DIGITOOL-3&owner=resourcediscovery&custom_att_2=simple_viewer&user=GUEST&pid=1152233
942 ## - ADDED ENTRY ELEMENTS (KOHA)
Koha item type សៀវភៅភាសាអង់គ្លេស
952 ## - LOCATION AND ITEM INFORMATION (KOHA)
Withdrawn status [LOCAL, KOHA] 0
Holdings
Permanent Location Date acquired Koha item type Lost status Shelving location Barcode Current Location Full call number
Library Block A2017-08-31សៀវភៅភាសាអង់គ្លេស A054A22598Library Block A657 IRW 2001 A054 Or.
មជ្ឈមណ្ឌលឯការនៃសាកលវិទ្យាល័យភូមិន្ទកសិកម្មចំការដូង

Powered by Koha